000 00673nam a22001817a 4500
005 20251108164713.0
008 250721s1977 xx 000 0 ara d
082 1 4 _a812.9563/عاد
100 1 _aكاظم، عادل
245 1 0 _aالزمن المقتول في دير العاقول :
_bتشخصية معاصرة عن زمن المتنبي المقتول /
264 1 _aبغداد :
_bوزارة الثقافة،
_c1977.
300 _a159ص
500 _aصدر بمناسبة مهرجان المتنبي( بغداد : تشرين الثاني : 1977)
650 1 7 _aالمسرحيات العربية
650 1 7 _aالعراق
942 _2ddc
_cBK
999 _c12271
_d12271